Smart: Lo fundamental y mas efectivo acerca del cambio/ (Registro nro. 8816)

Detalles MARC
000 -LEADER
fixed length control field 01466nam a2200205Ia 4500
005 - FECHA Y HORA DE LA ÚLTIMA TRANSACCIÓN
control field 20241202185021.0
008 - FIXED-LENGTH DATA ELEMENTS--GENERAL INFORMATION
fixed length control field 230809s9999 xx 000 0 und d
020 ## - INTERNATIONAL STANDARD BOOK NUMBER
International Standard Book Number 958-41-0146-3
040 ## - CATALOGING SOURCE
Original cataloging agency UPAN
Transcribing agency Biblioteca San Vicente
Description conventions RCAA2
041 ## - LANGUAGE CODE
Language code of text/sound track or separate title spa
082 ## - DEWEY DECIMAL CLASSIFICATION NUMBER
Classification number 380.1
Item number F578s
año de publicación 2000
100 ## - MAIN ENTRY--PERSONAL NAME
Personal name Firth, David
Relator code aut.
245 #0 - TITLE STATEMENT
Title Smart: Lo fundamental y mas efectivo acerca del cambio/
Statement of responsibility, etc David Firth; Cecilia Ávila de Barón
260 ## - PUBLICATION, DISTRIBUTION, ETC. (IMPRINT)
Place of publication, distribution, etc Colombia:
Name of publisher, distributor, etc McGraw Hill,
Date of publication, distribution, etc 2000
300 ## - PHYSICAL DESCRIPTION
Extent 236 p.;
Dimensions 21 cm.
505 ## - FORMATTED CONTENTS NOTE
Formatted contents note 1. Reducir a cenizas el antiguo concepto de cambio<br/>2. Cambiar a las organizaciones en un mundo cambiante<br/>3. El proceso del cambio<br/>4. Aumentar la conciencia organizacional<br/>5. Alienar la organización (Parte 1) Comunicarse para lograr consenso<br/>6. Alienar la organización (Parte 2) Construir confianza: la verdad sobre la resistencia al cambio<br/>7. Alienar la organización (parte 3) Cambiar la cultura<br/>8. Alienar la organización (Parte 4) medir y evaluar el impacto de las iniciativas de cambio<br/>9. Alienar la organización (parte 5) Los participantes: roles y responsabilidades durante el cambio<br/>10.Alienar la organización (parte 6) Sostener el cambio a través del aprendizaje<br/>11. Alienar la organización (parte 7) hacer que el cambio sea divertido<br/>12 Conciencia, alineación, cambio y usted 15 preceptos para el maestro del cambio inteligente
650 ## - SUBJECT ADDED ENTRY--TOPICAL TERM
Source of heading or term LEMB
General subdivision Negocios
700 ## - ADDED ENTRY--PERSONAL NAME
Personal name Cecilia Avila de Barón
942 ## - ADDED ENTRY ELEMENTS (KOHA)
Koha item type Libros
Source of classification or shelving scheme Dewey Decimal Classification
Existencias
Withdrawn status Lost status Source of classification or shelving scheme Damaged status Not for loan Collection code Home library Current library Date acquired Total Checkouts Full call number Barcode Date last seen Copy number Price effective from Koha item type
    Dewey Decimal Classification     Colección General Biblioteca UPAN San Vicente Biblioteca UPAN San Vicente 09/08/2023   380.1 F578s 12001426 09/08/2023 01 09/08/2023 Libros
    Dewey Decimal Classification     Colección General Biblioteca UPAN San Vicente Biblioteca UPAN San Vicente 09/08/2023   380.1 F578s 12001425 09/08/2023 02 09/08/2023 Libros